000 00515nam a22001817a 4500
003 0
005 20160609165948.0
008 101103t xxu||||| |||| 00| 0 eng d
040 _aBUAC
_cBEPAC
100 _aTossa , Gérard Y.
_910428
130 _lfr
_910429
245 _aContribution à l'étude de l'anémie chez les hemodialyses : Cas du CNHU-HKM de Cotonou
260 _aUAC-EPAC
_bUAC-EPAC
_c2006
300 _bH-65p.
650 _aHOMODIALYSE
_910430
700 _aAtche M., Justine
_910431
942 _cTHE
999 _c48073
_d48073